|
|
|
|
| LEADER |
00000nam a22000007a 4500 |
| 005 |
20220823014621.0 |
| 007 |
cr|||| |||| |
| 008 |
220823s2021 es |||||s|||| 00||0 spa d |
| 020 |
|
|
|a 978-84-1122-005-7
|
| 035 |
|
|
|a 36670
|
| 040 |
|
|
|a vLex
|
| 090 |
|
|
|c 13795
|d 13795
|
| 100 |
1 |
|
|a Molero Jurado, Mara̕ del Mar
|
| 245 |
1 |
0 |
|a Innovacin̤ docente e investigacin̤ en ciencias sociales, econm̤icas y jurd̕icas
|h [Recurso electrn̤ico] :
|b nuevos enfoques en la metodologa̕ docente /
|c Mara̕ del Mar Molero Jurado, ℓfrica Martos Martn̕ez, Ana Belň Barragǹ Martn̕, Jos ̌Jess︢ Gz̀quez Linares, Mara̕ del Carmen Přez-Fuentes, Mara̕ del Mar Simn̤ Mr̀quez
|
| 256 |
|
|
|a Servicio en ln̕ea
|
| 260 |
|
|
|a Madrid:
|b Dykinson,
|c 2021
|
| 300 |
|
|
|a 1 recurso electrn̤ico
|
| 506 |
1 |
|
|a Disponible solo en los productos indicados
|d vLex Global
|d vLex Global (Academic Edition, excluding Law Schools)
|d vLex Global (U.S. Academic Edition, Law Schools)
|d vLex Global (U.S. Academic Edition, excluding Law Schools)
|d vLex Global (Academic Edition, Law Schools)
|
| 650 |
0 |
4 |
|a Educacin̤
|z Espaą
|
| 700 |
1 |
|
|a Martn̕ez, ℓfrica Martos
|
| 700 |
1 |
|
|a Barragǹ Martn̕, Ana Belň
|
| 700 |
1 |
|
|a Gz̀quez Linares, Jos ̌Jess︢
|
| 700 |
1 |
|
|a Přez-Fuentes, Mara̕ del Carmen
|
| 700 |
1 |
|
|a Simn̤ Mr̀quez, Mara̕ del Mar
|
| 740 |
0 |
|
|a vLex Libros (Servicio en ln̕ea)
|
| 856 |
4 |
0 |
|u https://app.vlex.com/#/sources/36670
|z Acceso restringido
|
| 942 |
|
|
|c BOOK
|
| 999 |
0 |
|
|a Education
|